Kávy na slovenskom trhu

Prezentácia najznámejších firiem obchodujúcich v oblasti praženia a balenia kávy. Charakteristika firiem, výrobky a reklama.

Salvato in:
Dettagli Bibliografici
Natura: Capitolo di libro
Lingua:slovacco
Soggetti:
Tags: Aggiungi Tag
Nessun Tag, puoi essere il primo ad aggiungerne!!

MARC

LEADER 00000naa a2200000 4500
001 r020078
005 20230922093615.5
041 0 |a slo 
044 |a SK 
245 1 0 |a Kávy na slovenskom trhu 
520 |a Prezentácia najznámejších firiem obchodujúcich v oblasti praženia a balenia kávy. Charakteristika firiem, výrobky a reklama. 
610 2 0 |a káva 
610 2 0 |a stratégia podniková 
610 2 0 |a reklama 
610 2 0 |a firmy 
610 2 0 |a Jacobs Suchard Figaro, a.s. Bratislava 
610 2 0 |a Nestlé 
610 2 0 |a Tchibo Slovensko 
610 2 0 |a marketing